Podział administracyjny Rzeczpospolitej Obojga Narodów z mapą - Statystyki

Ogólne statystyki
  • Ten quiz został rozwiązany 16 790 razy
    16 538 od ostatniego zresetowania
  • Średni wynik to 15 z 44
Odpowiedzi na mapie
Odpowiedzi zakodowano w zielono-czerwonej skali na mapie do tego quizu, zgodnie z poniższymi procentami.
 
Statystyki odpowiedzi
Odpowiedź % Poprawnych
krakowskie
71%
mazowieckie
68%
pomorskie
67%
poznańskie
65%
kijowskie
64%
wileńskie
62%
Księstwo Kurlandzkie
54%
Gambia
53%
mińskie
52%
smoleńskie
52%
lubelskie
50%
podlaskie
48%
Prusy Książęce
48%
Księstwo Warmińskie
44%
wołyńskie
43%
kaliskie
36%
płockie
36%
sandomierskie
35%
ruskie
34%
podolskie
33%
Tobago
33%
Księstwo Żmudzkie
32%
Starostwo Spiskie
32%
malborskie
30%
sieradzkie
30%
chełmińskie
26%
Księstwo Czernihowskie
26%
łęczyckie
25%
witebskie
23%
nowogródzkie
21%
połockie
21%
inowrocławskie
20%
trockie
20%
bracławskie
19%
bełskie
18%
rawskie
17%
Ziemia lęborsko-bytowska
17%
dorpackie
16%
Księstwo Siewierskie
16%
brzesko-litewskie
15%
brzesko-kujawskie
13%
parnawskie
13%
mścisławskie
11%
wendeńskie
11%
Nie znaleziono quizów pasujących do podanych kryteriów
Rozkład punktacji
Procent ludzi z każdym wynikiem
Percentyl według liczby udzielonych odpowiedzi
Twoja historia wyników
Nie rozwiązałeś tego quizu od ostatniego zresetowania